Consumer behaviour : (Record no. 36586)

MARC details
000 -LEADER
fixed length control field 01045nam a22002777a 4500
005 - DATE AND TIME OF LATEST TRANSACTION
control field 20100607101826.0
008 - FIXED-LENGTH DATA ELEMENTS--GENERAL INFORMATION
fixed length control field 100607t xxu||||| |||| 00| 0 eng d
010 ## - LCCN (DPL NO)
LC control number ENG-96312
020 ## - INTERNATIONAL STANDARD BOOK NUMBER
International Standard Book Number 9788132103158
Terms of availability 395.00
035 ## - SYSTEM CONTROL NUMBER
System control number EN-79845
037 ## - SOURCE OF ACQUISITION
Source of stock number/acquisition DBAD/PUB
040 ## - CATALOGING SOURCE
Original cataloging agency DPL
Language of cataloging Eng
082 ## - DEWEY DECIMAL CLASSIFICATION NUMBER
Classification number 658.8342
100 ## - MAIN ENTRY--PERSONAL NAME
Personal name East, Robert
9 (RLIN) 21689
245 ## - TITLE STATEMENT
Title Consumer behaviour :
Remainder of title applications in marketing /
Statement of responsibility, etc by Robert East, Malcolm, Wright and Marc Vanhuele
260 ## - PUBLICATION, DISTRIBUTION, ETC. (IMPRINT)
Place of publication, distribution, etc New Delhi
Name of publisher, distributor, etc SAGE Publications
Date of publication, distribution, etc 2009
270 ## - ADDRESS
Address B1/1-1 Mohan Cooperative Industrial Area Mathura Road,
City New Delhi
Postal code 110044
300 ## - PHYSICAL DESCRIPTION
Extent viii, 334p.
Dimensions 24 cm. (Pbk)
Other physical details ill.
500 ## - GENERAL NOTE
General note includes bibliographical references
650 ## - SUBJECT ADDED ENTRY--TOPICAL TERM
Topical term or geographic name as entry element Consumer behaviour
9 (RLIN) 21690
650 ## - SUBJECT ADDED ENTRY--TOPICAL TERM
Topical term or geographic name as entry element Motivation marketing
9 (RLIN) 21691
700 ## - ADDED ENTRY--PERSONAL NAME
Personal name Wright, Malcolm
9 (RLIN) 21692
700 ## - ADDED ENTRY--PERSONAL NAME
Personal name Vanhuele, Marc
9 (RLIN) 21693
942 ## - ADDED ENTRY ELEMENTS (KOHA)
Source of classification or shelving scheme Dewey Decimal Classification
Item type English Books
Call number suffix EAS
Classification part 658.8342
Holdings
Withdrawn status Lost status Source of classification or shelving scheme Damaged status Not for loan Collection code Home library Current library Date acquired Source of acquisition Cost, normal purchase price Total Checkouts Full call number Barcode Date last seen Copy number Cost, replacement price Koha item type
    Dewey Decimal Classification   Not For Loan Non-fiction D.B.Act.Division D.B.Act.Division 12/05/2010 DBAD/PUB 395.00   EAS EN-79845 07/06/2010 1 395.00 English Books

© Delhi Public Library
Hit Counter
free hit counter